| 000 | 01753nam a2200349 4500 | ||
|---|---|---|---|
| 001 | 113569 | ||
| 003 | DR-UNIBE | ||
| 005 | 20260427135936.0 | ||
| 008 | 250507b2007 dr ||||| |||| 00| 0 spa d | ||
| 040 |
_aBIBLIOTECA UNIBE _cBIBLIOTECA UNIBE _bspa |
||
| 041 | _aspa | ||
| 082 |
_222 _aRD 282.7293 I24d 2007 |
||
| 110 | 2 |
_aIglesia Católica. _bConferencia del Episcopado Dominicano _9194986 _eautor |
|
| 245 | 1 | 0 | _aDocumentos de la Conferencia del Episcopado Dominicano |
| 250 | _aSegunda edición | ||
| 260 |
_aSanto Domingo : _bBanReservas : _bConferencia del Episcopado Dominicano, _c2007 |
||
| 300 |
_a3 volúmes ; _c23 cm |
||
| 500 | _aContiene índice onomástico (páginas: 707-713) | ||
| 500 | _aContiene índice de lugares (páginas: 715-720) | ||
| 500 | _aContiene índice de de materias (páginas: 721-736) | ||
| 505 | 0 | _aTomo I. Documentos de la Conferencia del Episcopado Dominicano (1955-1990) | Tomo II. Documentos de la Conferencia del Episcopado Dominicano (1991-1997) | Tomo III. Documentos de la Conferencia del Episcopado Dominicano (1998-2006) | |
| 610 |
_aConferencia del Episcopado Dominicano _xHistoria _zRepública Dominicana _9194987 |
||
| 650 | 7 |
_2lemb _aIglesia católica _xHistoria _zRepública Dominicana _9204378 |
|
| 650 | 7 |
_2lemb _aIglesia católica _xCartas pastorales _9204379 |
|
| 650 | 7 |
_2lemb _aObispos _zRepública Dominicana _9204380 |
|
| 700 | 1 |
_aToribio, Daniel _epresentador _9157372 |
|
| 700 |
_aArnaiz, Francisco José, S. J., _d1925-2014 _epresentador _931996 |
||
| 700 |
_aÁngeles Fernández, Ramón Benito, Monseñor, _d1949 - _epresentador _9120313 |
||
| 700 | 1 |
_aBrea Franco, Luis O., _d1946-2020 _ecoordinador _942216 |
|
| 700 | 1 |
_aHernández Valera, Ignacio _ecoordinador _9194992 |
|
| 942 |
_2ddc _cBK |
||
| 999 |
_c113569 _d113569 |
||